| 000 | 00784nam a2200205Ia 4500 | ||
|---|---|---|---|
| 020 | _a9251039356 | ||
| 040 | _cDJB | ||
| 082 | _a634 FAO 1996 C156 Or. | ||
| 245 | 0 | 0 |
_aDomestication and commercialization of non-timber forest products in agroforestry systems : _bproceedings of an international conference held in Nairobi, Kenya, 19-23 February 1996 / |
| 260 |
_aRome : _bFood and Agriculture Organization of the United Nations, _c1996 |
||
| 300 |
_aix, 297 p. : _bill. ; _c30 cm |
||
| 490 | 1 | _aNon-wood forest products, | |
| 500 | _a"ICRAF; IUFRO." | ||
| 650 | 0 | _aNo-timber forest products | |
| 650 | 0 | _aForest products industry | |
| 650 | 0 | _aAgroforestry | |
| 700 | 1 | _aLeakey, Roger R. B | |
| 710 | 2 | _aFood and Agriculture Organization of the United Nations | |
| 942 | _cAEDBB | ||
| 999 |
_c18977 _d18977 |
||